El caballo de Troya japonés : (Record no. 7059)

MARC details
000 -LEADER
campo de control de longitud fija 00797nam a2200241 i 4500
001 - NÚMERO DE CONTROL
campo de control 7059
003 - IDENTIFICADOR DE NÚMERO DE CONTROL
campo de control ES-MaACL
005 - FECHA Y HORA DE LA ÚLTIMA TRANSACCIÓN
campo de control 20250902064625.0
008 - DATOS DE LONGITUD FIJA--INFORMACIÓN GENERAL
campo de control de longitud fija 900814s1990 sp ||||1| spa d
020 ## - NÚMERO INTERNACIONAL ESTÁNDAR DEL LIBRO
Número Internacional Estándar del Libro 84-7863-007-4
080 ## - NÚMERO DE LA CLASIFICACIÓN DECIMAL UNIVERSAL
Número de la Clasificación Decimal Universal 658.012(52:100-775)
100 1# - ENTRADA PRINCIPAL--NOMBRE DE PERSONA
Nombre de persona James, Barry G.
9 (RLIN) 65961
245 13 - MENCIÓN DEL TÍTULO
Título El caballo de Troya japonés :
Resto del título el último desafío nipón a la industria occidental /
Mención de responsabilidad, etc. Barrie G. James ; prólogo de Enrique Badía.
250 ## - MENCION DE EDICION
Mención de edición 1ª ed.
260 ## - PUBLICACIÓN, DISTRIBUCIÓN, ETC.
Lugar de publicación, distribución, etc. Barcelona :
Nombre del editor, distribuidor, etc. Plaza & Janés :
-- Cambio 16,
Fecha de publicación, distribución, etc. 1990.
300 ## - DESCRIPCIÓN FÍSICA
Extensión 296 p. ;
Dimensiones 22 cm.
500 ## - NOTA GENERAL
Nota general Índice analítico.
504 ## - NOTA DE BIBLIOGRAFÍA, ETC.
Nota de bibliografía, etc. Bibliografía: p. 293-296.
650 #4 - PUNTO DE ACCESO ADICIONAL DE MATERIA--TÉRMINO DE MATERIA
Término de materia o nombre geográfico como elemento de entrada Empresas-
Subdivisión geográfica Japón
9 (RLIN) 12225
700 1# - ENTRADA AGREGADA--NOMBRE PERSONAL
Nombre de persona Badia, Enrique.
9 (RLIN) 24533
852 ## - LOCALIZACIÓN
Ubicación ES-MaACL
Número de control de estantería L-14280
Nota libre . - Enc. cart.
Holdings
Estatus retirado Estado de pérdida Estado de daño No para préstamo Biblioteca de origen Biblioteca actual Ubicación en estantería Fecha de adquisición Fuente de adquisición Total de préstamos Signatura topográfica completa Código de barras Visto por última vez Precio de reemplazo Tipo de ítem Koha
        Biblioteca del Ateneo de Madrid Biblioteca del Ateneo de Madrid Depósito 2 17/01/2008     L-14280 1007196 23/02/2023 23/02/2023 Libro impreso